The World's 50 Largest Cities by Letter - D - Statistics

General Stats
  • This quiz has been taken 4,025 times
    2,132 since last reset
  • The average score is 24 of 50
Answers on the Map
Answers color-coded by a green-red scale on the quiz's map according to % correct below.
 
Answer Stats
# Population Country Urban Area % Correct
20 1,721,812 Ireland Dublin
98%
3 7,676,519 United States Dallas
97%
1 33,495,554 India Delhi
97%
12 3,193,848 United States Denver
95%
6 4,090,503 United States Detroit
95%
2 29,785,747 Bangladesh Dhaka
95%
5 5,121,012 U. A. E. Dubai
95%
10 3,472,174 Senegal Dakar
94%
7 3,996,676 Syria Damascus
91%
4 7,025,225 Tanzania Dar es Salaam
90%
16 2,268,674 Qatar Doha
88%
11 3,440,311 South Africa Durban
87%
29 1,087,466 Germany Düsseldorf
87%
34 927,247 Germany Dresden
84%
41 765,179 Tanzania Dodoma
78%
23 1,450,194 Ukraine Donetsk
76%
21 1,670,941 Tajikistan Dushanbe
75%
31 1,014,593 Ukraine Dnipro
67%
50 621,337 United States Des Moines
66%
9 3,667,964 Cameroon Douala
65%
13 2,845,807 South Korea Daegu
60%
8 3,897,454 China Dalian
59%
26 1,207,626 Vietnam Da Nang
56%
15 2,644,654 Indonesia Denpasar
53%
14 2,806,247 Saudi Arabia Dammam
52%
22 1,627,903 Philippines Davao
50%
32 999,769 United States Dayton
47%
19 1,735,076 South Korea Daejeon
34%
46 688,697 Mexico Durango
32%
28 1,087,786 Turkey Diyarbakır
23%
18 1,812,398 China Datong
19%
25 1,230,928 China Daqing
17%
45 707,216 Egypt Damietta
15%
49 651,200 Turkey Denizli
15%
17 2,267,510 India Dhanbad
15%
40 765,527 China Dazhou
11%
38 804,895 China Dandong
10%
27 1,191,588 India Dehradun
10%
39 767,293 China Dezhou
10%
30 1,040,443 Iraq Dohuk - Zawa
8%
48 654,558 Egypt Damanhur
7%
35 923,418 China Dongying
7%
37 836,633 China Deyang
6%
24 1,356,820 Philippines Dagupan
5%
42 750,139 China Dengzhou
5%
36 876,707 Iraq Diwaniyah
4%
33 958,664 India Darbhanga
3%
43 713,017 Egypt Desouk
3%
47 667,501 India Dhule
3%
44 707,352 India Dhulian
2%
No matching quizzes found
Score Distribution
Percent of People with Each Score
Percentile by Number Answered
Your Score History
You have not taken this quiz since the last reset